000 00530nam a22002057a 4500
003 koha_MIRAKIL
005 20231213095910.0
008 231213b |||||||| |||| 00| 0 ||| d
020 _b978-9-75903891-5
040 _aTR-IsEVY
_btur
_cTR-IsEVY
082 _a510 TEP/K
100 _aTepedelenlioğlu, Nazif.
245 0 _aKim korkar matematikten?
250 _a5. bs.
260 _bNesin Yayıncılık,
_c2013
300 _a124 s.
650 _aMatematik -- Tarih.
650 _aMatematiksel mantık.
942 _2ddc
_cBK
999 _c11252
_d11252